| 000 | 00824nam a2200241Ia 4500 | ||
|---|---|---|---|
| 003 | OSt | ||
| 005 | 20200903104742.0 | ||
| 008 | 191128s2013 ck gr 000 0dspa d | ||
| 020 | _a9789588844039 | ||
| 040 |
_aCO-JMCR _cCO-JMCR |
||
| 041 | 0 | _aspa | |
| 082 | 0 | 4 |
_a378 / _bC676r _223 |
| 100 | 1 |
_aCoronado Padilla, Fabio Humberto, _eautor _99694 |
|
| 245 | 1 | 0 |
_aRepensar la universidad : _ben tanto universidad, Católica y Lasallista / _cFabio Humberto Coronado Padilla |
| 250 | _aPrimera edición | ||
| 260 |
_aBogotá : _bEdiciones Unisalle, _c2013. |
||
| 300 |
_a627 páginas ; _c24 cm. |
||
| 500 | _aIncluye biografía del autor en solapa frontal. | ||
| 505 | 0 | _aIdeas y pensadurías -- Memorias y habladurías | |
| 650 | 2 | 4 |
_aProyecto educativo _99695 |
| 650 | 2 | 4 |
_aEducación superior _95582 |
| 942 |
_2ddc _cBK |
||
| 999 |
_c6018 _d6018 |
||